該当する乃木坂46メンバーを選べ! - Statistics

General Stats
  • This quiz has been taken 38 times
  • The average score is 14 of 20
Answer Stats
Question Answer % Correct
名前は「瀬戸口心月」
97%
3期生
90%
6期生(2025年加入)ではない
90%
乃木坂46 3代目キャプテン
87%
2025年に30歳を迎えた
87%
カマキリ
83%
先輩風が吹いている
80%
楽曲「僕の衝動」のセンター
77%
身長160cm未満
73%
関東出身ではない
70%
自身がセンターのアンダー楽曲と期別楽曲がある
70%
8に愛されている
70%
友達オムライスを振る舞ったことがある
67%
東京都出身
63%
トイレでチュロス食べたことがある
63%
2025年度に二十歳を迎える。(2005年度生まれ)
60%
サイリウムカラーは 赤×白
53%
早生まれ
47%
血液型はB型
20%
同じ誕生日の現役メンバーがいる
20%
No matching quizzes found
Score Distribution
Percent of People with Each Score
Percentile by Number Answered
Your Score History
You have not taken this quiz